<?xml version="1.0" encoding="UTF-8"?>
<collection xmlns="http://www.loc.gov/MARC21/slim">
<record>
  <controlfield tag="001">303673</controlfield>
  <controlfield tag="005">20240928181246.0</controlfield>
  <datafield tag="035" ind1=" " ind2=" ">
    <subfield code="a">G:(GEPRIS)423500666</subfield>
  </datafield>
  <datafield tag="024" ind1="7" ind2=" ">
    <subfield code="a">G:(GEPRIS)423500666</subfield>
    <subfield code="d">423500666</subfield>
  </datafield>
  <datafield tag="040" ind1=" " ind2=" ">
    <subfield code="a">GEPRIS</subfield>
    <subfield code="c">http://gepris.its.kfa-juelich.de</subfield>
  </datafield>
  <datafield tag="150" ind1=" " ind2=" ">
    <subfield code="a">Fluoreszenzspektrometer mit Mikroskopanbindung</subfield>
    <subfield code="y">2019</subfield>
  </datafield>
  <datafield tag="371" ind1=" " ind2=" ">
    <subfield code="a">Professor Dr.-Ing. Wolfgang Kowalsky</subfield>
  </datafield>
  <datafield tag="450" ind1=" " ind2=" ">
    <subfield code="a">DFG project G:(GEPRIS)423500666</subfield>
    <subfield code="w">d</subfield>
    <subfield code="y">2019</subfield>
  </datafield>
  <datafield tag="510" ind1="1" ind2=" ">
    <subfield code="a">Deutsche Forschungsgemeinschaft</subfield>
    <subfield code="0">I:(DE-588b)2007744-0</subfield>
    <subfield code="b">DFG</subfield>
  </datafield>
  <datafield tag="680" ind1=" " ind2=" ">
    <subfield code="a">Die zeitaufgelöste optische Spektroskopie stellt die Basis der grundlegenden Charakterisierung lumineszierender organischer und anorganischer Materialien dar. Die zusätzliche Einführung einer 2- oder 3-dimensionalen Abbildung der Probe erfordert die Zusammenführung spektroskopischer Verfahren mit einer räumlichen Abbildung. Verschiedene Geometrien von festen und flüssigen Proben und unterschiedliche Anregungs- und Emissionswellenlängen im sichtbaren Spektralbereich stellen hohe Anforderungen an die Flexibilität des Messsystems. Diese lässt sich durch die Kopplung eines konfokalen Lichtmikroskops mit einem Fluoreszenzspektrometer erreichen. Dabei wird eine Laserquelle in das Lichtmikroskop eingekoppelt, die Messung in Reflexion durchgeführt und die Emission über eine optische Faser in das Spektrometer eingekoppelt. Durch diesen Ansatz wird die zeitliche und spektrale Auflösung des Spektrometers mit der räumlichen Auflösung des konfokalen Mikroskops kombiniert.</subfield>
  </datafield>
  <datafield tag="909" ind1="C" ind2="O">
    <subfield code="o">oai:juser.fz-juelich.de:970416</subfield>
    <subfield code="p">authority:GRANT</subfield>
    <subfield code="p">authority</subfield>
  </datafield>
  <datafield tag="980" ind1=" " ind2=" ">
    <subfield code="a">G</subfield>
  </datafield>
  <datafield tag="980" ind1=" " ind2=" ">
    <subfield code="a">AUTHORITY</subfield>
  </datafield>
  <datafield tag="909" ind1="C" ind2="O">
    <subfield code="o">oai:juser.fz-juelich.de:970416</subfield>
  </datafield>
</record>
</collection>